000
00228 a2200097 4500
001
12814
100
_a
Kintsch,W
245
_a
Comprehension A paradigm for cognition
260
_a
_b
Cambridge University
_c
090
_c
9793
_d
9793
942
_a
NUST-CAE
_c
M
_c
36703
999
_c
247887
_d
247887